| 000 | 00998nam a2200217 a 4500 | ||
|---|---|---|---|
| 008 | 120416s1994 ||||||||||||||||| || u | ||
| 020 | _a0137228511 | ||
| 050 | _aHF 5415.13 Kot | ||
| 100 | _aKotler, Philip | ||
| 245 | 1 | 0 | _aMarketing management (8th Ed.) |
| 246 | _aanalysis, planning, implementation, and control | ||
| 250 | _a8th ed | ||
| 260 |
_aEnglewood Cliffs, N.J. _bFT Prentice-Hall _c1994 |
||
| 300 | _axxix, 801p. : ill. | ||
| 350 | _a0.00 | ||
| 650 | 0 | _aMARKETING--MANAGEMENT--CASE STUDIES | |
| 650 | _aMARKETING--MANAGEMENT | ||
| 995 |
_aTEXTBOOKS (SB) _D0.00 _e01012 _FCBU-SCHOOL TEXTBOOK COLLECTIONS _H1 _I0.00 _jSCHOOL TEXTBOOK _M3 _UAVAILABLE _WSep 21, 2009 _y01012 _ZSchool Collections |
||
| 995 |
_aSHORT LOAN BOOKS _D0.00 _e729450 _FCBU-MAIN LIBRARY (Kitwe) _H1 _I64.20 _jHF 5415.13 Kot _M1 _UAVAILABLE _y021421 _ZShort Loan Collection |
||
| 995 |
_aTEXTBOOKS (SB) _D0.00 _e1210 _FCBU-SCHOOL TEXTBOOK COLLECTIONS _H1 _I0.00 _jSCHOOL TEXTBOOK _M2 _UAVAILABLE _WSep 17, 2009 _y1210 _ZSchool Collections |
||
| 999 |
_c82655 _d82655 |
||